| 000 | 02650cam a22004454i 4500 | ||
|---|---|---|---|
| 003 | PE-LiUPU | ||
| 005 | 20250731175643.0 | ||
| 008 | 150706s2008 sp a r 000 0 spa d | ||
| 020 | _a9875911178 | ||
| 020 | _a9789875911178 | ||
| 035 | _a(Sirsi) i9789875911178 | ||
| 040 |
_aPE-LiUPU _bspa _cPE-LiUPU _erda |
||
| 049 | _aPRUA | ||
| 082 | 0 | 4 |
_a410 _bR35 _221 |
| 100 | 1 |
_aReguera, Alejandra, _eautor. |
|
| 245 | 1 | 0 |
_aMetodología de la investigación lingüística : _bprácticas de escritura / _cAlejandra Reguera. |
| 250 | _a1a edición. | ||
| 264 | 1 |
_aCórdoba : _bBrujas, _c2008. |
|
| 300 |
_a148 páginas : _bilustraciones ; _c23 centímetros |
||
| 336 |
_atext _2rdacontent |
||
| 337 |
_aunmediated _2rdamedia |
||
| 338 |
_avolume _2rdacarrier |
||
| 504 | _aIncluye bibliografía. | ||
| 505 | 0 | _aUnum scio.me nihil scire -- Proyecto para armar. Los componentes de un proyecto de investigación -- La definición del área disciplinar -- La delimitación del tema de investigación -- El planteamiento del problema de investigación -- El nivel y los objetivos de investigación. Variables e hipótesis. Unidades de análisis, indicadores y categorías -- El nivel de investigación -- Los objetivos de investigación -- Variables e hipótesis -- Unidades de análisis -- Indicadores y categorías -- El marco teórico. La construcción textual -- Metodología. Formas de abordaje del objeto de estudio según el tipo de metodología -- Diseño cualitativo de investigación. Algunas consideraciones sobre la observación participante, la entrevista en profundidad y la historia de vida -- Análisis de los datos -- El análisis de contenido -- Prácticas de escritura académica -- Producción escrita. Formas de "evidencialidad" del conocimiento -- Técnicas formales de administración de contenidos -- Textos académicos, entre la exposición y la argumentación. | |
| 526 | _aP145 | ||
| 526 | _aP127 | ||
| 526 | _aP97 | ||
| 526 | _aP35 | ||
| 526 | _aP14 | ||
| 526 | _aP07 | ||
| 541 | _g001-0037503; | ||
| 650 | 0 | 4 |
_aLinguística _xInvestigación _vMetodología. |
| 650 | 0 | 4 |
_aLinguística _xInvestigación _vTécnica. |
| 910 |
_agl _clch _d20130924 |
||
| 942 |
_2ddc _cBOOK |
||
| 949 |
_a410 R35 _wDEWEY _c1 _i68318 _lCCODEBUL1 _mBUL _p23.00 _r0 _sY _tBOOK _u2015-7-6 _xEDUCACION _PP20 _o.STAFF. Colección General |
||
| 994 |
_aC0 _bPEPRU |
||
| 596 | _a1 | ||
| 999 |
_a410 R35 _wDEWEY _c55726 _i68318 _d55726 _e2019-2-5 _f2021-11-8 _g5 _lCCODEBUL1 _mBUL _n6 _p23.00 _r0 _sY _tBOOK _u2015-7-6 _xEDUCACION _PP20 _0COMPRA _o.STAFF. Colección General |
||
| 980 |
_81 _gALBERTO SANCHEZ Responsable de Automatización |
||